[Event "CZE-chT2B 1213"]
[Site "Czech Republic"]
[Date "2012.12.02"]
[Round "4.8"]
[White "Broucek, Tomas"]
[Black "Krtous, Zdenek"]
[Result "0-1"]
[WhiteElo "2076"]
[BlackElo "2021"]
[PlyCount "144"]
[EventDate "2012.10.14"]
[EventType "team-tourn"]
[EventRounds "11"]
[EventCountry "CZE"]
[SourceTitle "EXT 2015"]
[Source "ChessBase"]
[SourceDate "2014.11.20"]
[SourceVersion "1"]
[SourceVersionDate "2014.11.20"]
[SourceQuality "1"]
[WhiteTeam "Turnov Zikuda II"]
[BlackTeam "Liberec Desko"]
[WhiteTeamCountry "CZE"]
[BlackTeamCountry "CZE"]

1. e3 c5 2. b3 Nf6 3. Bb2 d5 4. f4 g6 5. Nf3 Bg7 6. Bb5+ Bd7 7. Bxd7+ Nbxd7 8. 0-0 0-0 9. d3 Qc7 10. Qe2 Rad8 11. Ne5 Nxe5 12. Bxe5 Qc6 13. Nd2 Nd7 14. Bxg7 Kxg7 15. Nf3 Qc7 16. Rf2 e5 17. f5 e4 18. dxe4 dxe4 19. Nd2 Nf6 20. Raf1 Qe5 21. Nc4 Qd5 22. a4 b6 23. Qe1 Qb7 24. fxg6 fxg6 25. Qa1 Qe7 26. g4 Rd5 27. h3 Qe6 28. Nd2 Re5 29. Nc4 Rd5 30. Qc3 h5 31. Rf4 hxg4 32. hxg4 Rg5 33. Nd2 Rxg4+ 34. Rxg4 Qxg4+ 35. Kf2 Qe6 36. Ke1 Kg8 37. Rh1 Nh5 38. Kd1 Rf2 39. Kc1 Rf5 40. Rg1 Kh7 41. Kb1 Nf6 42. Nc4 Nd5 43. Qd2 Qf6 44. Ka2 Kg7 45. Rh1 Qc3 46. Qxc3+ Nxc3+ 47. Kb2 Nd5 48. Rh4 Nf6 49. Nd6 Re5 50. Nc8 g5 51. Rh3 g4 52. Rg3 Kg6 53. Nxa7 Kg5 54. Nc8 Re6 55. Kc3 Kh4 56. Rg1 g3 57. Kc4 Kh3 58. Kb5 Nd5 59. Nxb6 Nxb6 60. a5 Nc8 61. Kxc5 g2 62. Kd5 Re7 63. b4 Kh2 64. Ra1 g1Q 65. Rxg1 Kxg1 66. c4 Kf2 67. Kd4 Kf3 68. b5 Rd7+ 69. Kc5 Rc7+ 70. Kd4 Nd6 71. b6 Rxc4+ 72. Kd5 Ra4 0-1

[Event "CZE-chT2B 1213"]
[Site "Czech Republic"]
[Date "2012.11.18"]
[Round "3.8"]
[White "Matyska, Jiri"]
[Black "Broucek, Tomas"]
[Result "1/2-1/2"]
[WhiteElo "1944"]
[BlackElo "2076"]
[PlyCount "138"]
[EventDate "2012.10.14"]
[EventType "team-tourn"]
[EventRounds "11"]
[EventCountry "CZE"]
[SourceTitle "EXT 2015"]
[Source "ChessBase"]
[SourceDate "2014.11.20"]
[SourceVersion "1"]
[SourceVersionDate "2014.11.20"]
[SourceQuality "1"]
[WhiteTeam "Praha Dukla"]
[BlackTeam "Turnov Zikuda II"]
[WhiteTeamCountry "CZE"]
[BlackTeamCountry "CZE"]

1. d4 Nf6 2. c4 e5 3. dxe5 Ng4 4. Bf4 Nc6 5. Nf3 Bb4+ 6. Nbd2 Qe7 7. a3 Ngxe5 8. Nxe5 Nxe5 9. e3 Bxd2+ 10. Qxd2 d6 11. h3 Bd7 12. Be2 Bc6 13. 0-0 0-0 14. Rfd1 a5 15. Qc3 Ng6 16. Bg3 Nh4 17. Bf1 b6 18. Rd4 Nf5 19. Rg4 h5 20. Bh4 Qe5 21. Rf4 Qxc3 22. bxc3 Nxh4 23. Rxh4 g6 24. Rd1 Rae8 25. Bd3 f5 26. Rd4 Kg7 27. h4 Re5 28. Kh2 Be4 29. Be2 Rfe8 30. Bf3 Kf6 31. Kg3 Rc5 32. Be2 Bb7 33. R1d2 Ree5 34. Rb2 Bc6 35. Bf3 Be8 36. Be2 Bf7 37. Bd3 Be6 38. Re2 Bf7 39. f4 Re7 40. Kf2 Be8 41. Rb2 Bc6 42. g3 Be4 43. Ke2 Bc6 44. Kd2 Re6 45. Be2 Ke7 46. Bd3 Kd7 47. Be2 Kc8 48. Bd3 Kb7 49. Be2 Bg2 50. Bd3 c6 51. Be2 Kc7 52. Bd3 Bf3 53. Bf1 d5 54. Bd3 Rd6 55. cxd5 Bxd5 56. c4 Bxc4 57. Rxd6 Kxd6 58. Bxc4 Rxc4 59. Rxb6 Ra4 60. Rb3 Kc7 61. Kc2 Rc4+ 62. Kd3 Re4 63. Rc3 Kd6 64. Rb3 Kd5 65. Rb8 Ra4 66. Rb3 c5 67. Rc3 c4+ 68. Kd2 Ke4 69. Ke2 Kd5 1/2-1/2

[Event "CZE-chT2B 1213"]
[Site "Czech Republic"]
[Date "2012.11.04"]
[Round "2.7"]
[White "Urban, Zdenek"]
[Black "Broucek, Tomas"]
[Result "1/2-1/2"]
[WhiteElo "2152"]
[BlackElo "2076"]
[PlyCount "134"]
[EventDate "2012.10.14"]
[EventType "team-tourn"]
[EventRounds "11"]
[EventCountry "CZE"]
[SourceTitle "EXT 2015"]
[Source "ChessBase"]
[SourceDate "2014.11.20"]
[SourceVersion "1"]
[SourceVersionDate "2014.11.20"]
[SourceQuality "1"]
[WhiteTeam "Jicin II"]
[BlackTeam "Turnov Zikuda II"]
[WhiteTeamCountry "CZE"]
[BlackTeamCountry "CZE"]

1. Nf3 e6 2. c4 b6 3. g3 Bb7 4. Bg2 f5 5. Nc3 Nf6 6. 0-0 c5 7. d3 Be7 8. e4 0-0 9. e5 Ne8 10. h4 Nc7 11. Re1 d6 12. exd6 Bxd6 13. d4 cxd4 14. Nxd4 Bxg2 15. Kxg2 Qd7 16. Ndb5 Nxb5 17. Nxb5 Qc6+ 18. Qf3 Bc5 19. Qxc6 Nxc6 20. Rxe6 Nb4 21. Re2 Rae8 22. Be3 Bxe3 23. fxe3 f4 24. gxf4 Rxf4 25. exf4 Rxe2+ 26. Kf3 Rxb2 27. Nxa7 Nxa2 28. Nb5 Rb3+ 29. Kg4 Nc3 30. Nd6 h6 31. Ra8+ Kh7 32. Ra7 Ne2 33. Kf5 Nd4+ 34. Ke4 Nc6 35. Rc7 Nd8 36. f5 Rh3 37. Rd7 Nc6 38. f6 Rxh4+ 39. Kd5 Nb4+ 40. Ke6 Rg4 41. f7 Rg6+ 42. Ke5 Rf6 43. Ke4 Nc6 44. Ne8 Rf1 45. Nc7 Nb8 46. Re7 Nc6 47. Re6 Nd8 48. Rxb6 Rxf7 49. Nd5 Nb7 50. Kd4 h5 51. c5 Nxc5 52. Kxc5 h4 53. Kd4 Rf1 54. Ne3 Rf7 55. Ke4 h3 56. Rb2 g5 57. Rh2 Rf4+ 58. Ke5 Rf3 59. Ng4 Kg6 60. Nf2 Re3+ 61. Kd4 Re2 62. Kd3 Ra2 63. Ke3 Ra3+ 64. Ke2 Kf5 65. Rxh3 Rxh3 66. Nxh3 g4 67. Ng1 Kf4 1/2-1/2

[Event "CZE-chT2C 1112"]
[Site "Czech Republic"]
[Date "2011.11.20"]
[Round "3.1"]
[White "Broucek, Tomas"]
[Black "Moravec, Michal"]
[Result "0-1"]
[WhiteElo "2067"]
[BlackElo "2296"]
[PlyCount "68"]
[EventDate "2011.10.09"]
[EventType "team-tourn"]
[EventRounds "11"]
[EventCountry "CZE"]
[SourceTitle "EXT 2013"]
[Source "ChessBase"]
[SourceDate "2012.11.22"]
[SourceVersion "1"]
[SourceVersionDate "2012.11.22"]
[SourceQuality "1"]
[WhiteTeam "Turnov Zikuda III"]
[BlackTeam "Kolin"]
[WhiteTeamCountry "CZE"]
[BlackTeamCountry "CZE"]

1. e4 d6 2. d4 Nf6 3. Bd3 g6 4. Ne2 Bg7 5. 0-0 0-0 6. c4 e5 7. d5 Nbd7 8. Nbc3 Nc5 9. Bc2 a5 10. Bd2 Nh5 11. Qc1 f5 12. Ng3 Nxg3 13. fxg3 c6 14. Be3 Na6 15. Qd2 c5 16. Nb5 Nb4 17. Bb1 f4 18. gxf4 exf4 19. Bxf4 Qf6 20. Nc3 Qd4+ 21. Qxd4 Bxd4+ 22. Kh1 g5 23. a3 Na6 24. Nb5 Be5 25. g3 gxf4 26. gxf4 Rxf4 27. Rxf4 Bxf4 28. Bd3 Bh3 29. Rg1+ Kf7 30. Bf1 Bd7 31. Bg2 Be5 32. Bf3 Ke7 33. Nc3 Rf8 34. Bg4 Rf2 0-1

[Event "CZE-chT2C 1011"]
[Site "Czech Republic"]
[Date "2011.03.06"]
[Round "9.4"]
[White "Jandovsky, Viktor"]
[Black "Broucek, Tomas"]
[Result "1/2-1/2"]
[WhiteElo "2185"]
[BlackElo "2079"]
[PlyCount "85"]
[EventDate "2010.10.17"]
[EventType "team-tourn"]
[EventRounds "11"]
[EventCountry "CZE"]
[SourceTitle "EXT 2012"]
[Source "ChessBase"]
[SourceDate "2011.11.24"]
[SourceVersion "1"]
[SourceVersionDate "2011.11.24"]
[SourceQuality "1"]
[WhiteTeam "Pankrac II"]
[BlackTeam "Turnov Zikuda II"]
[WhiteTeamCountry "CZE"]
[BlackTeamCountry "CZE"]

1. e4 e6 2. d4 b6 3. Nf3 Bb7 4. Bd3 c5 5. Qe2 cxd4 6. Nxd4 Nc6 7. c3 Nxd4 8. cxd4 Nf6 9. 0-0 Be7 10. Nc3 0-0 11. Bf4 d5 12. e5 Ne8 13. Rac1 g6 14. Qe3 Rc8 15. Bh6 Ng7 16. f4 f5 17. h3 Rf7 18. g4 Qd7 19. Rc2 a6 20. Rg2 Kh8 21. Kh2 Rg8 22. Ne2 b5 23. Ng1 Bf8 24. Nf3 Be7 25. Ng5 Rff8 26. Rfg1 Bd8 27. Qg3 Bc8 28. Nf3 Rf7 29. Bg5 Ne8 30. Qh4 Bxg5 31. Nxg5 Rfg7 32. Rc2 Bb7 33. Rgc1 Rf8 34. Kg3 Kg8 35. Qh6 Qe7 36. gxf5 gxf5 37. Kf2 Rg6 38. Qh4 h6 39. Nf3 Qxh4+ 40. Nxh4 Rg7 41. Be2 Rgf7 42. Bh5 Re7 43. Bxe8 1/2-1/2

[Event "CZE-chT2C 1011"]
[Site "Czech Republic"]
[Date "2011.02.20"]
[Round "8.8"]
[White "Broucek, Tomas"]
[Black "Matonoha, Ctirad"]
[Result "1-0"]
[WhiteElo "2079"]
[BlackElo "2029"]
[PlyCount "147"]
[EventDate "2010.10.17"]
[EventType "team-tourn"]
[EventRounds "11"]
[EventCountry "CZE"]
[SourceTitle "EXT 2012"]
[Source "ChessBase"]
[SourceDate "2011.11.24"]
[SourceVersion "1"]
[SourceVersionDate "2011.11.24"]
[SourceQuality "1"]
[WhiteTeam "Turnov Zikuda II"]
[BlackTeam "Hradec Kralove II"]
[WhiteTeamCountry "CZE"]
[BlackTeamCountry "CZE"]

1. e4 d5 2. exd5 Nf6 3. c4 c6 4. dxc6 Nxc6 5. Nc3 e5 6. d3 Bf5 7. a3 Qd7 8. Bg5 0-0-0 9. Bxf6 gxf6 10. Nd5 Qe6 11. Ne2 Bg6 12. Nec3 Nd4 13. Be2 h5 14. 0-0 f5 15. Re1 Bg7 16. Bf3 h4 17. Nf4 Qd6 18. Nxg6 fxg6 19. Bd5 h3 20. g3 Rhe8 21. a4 Qf6 22. Nb5 Kb8 23. Nxd4 exd4 24. Qb3 Re7 25. Re6 Rde8 26. Qb4 a5 27. Qd6+ Ka7 28. Qc5+ Kb8 29. Qd6+ Ka7 30. Rae1 Bf8 31. Qb6+ Kb8 32. Rxe7 Rxe7 33. Re6 Qf7 34. Qd8+ Ka7 35. Qxa5+ Kb8 36. Qd8+ Ka7 37. Rxe7 Qxe7 38. Qxe7 Bxe7 39. Kf1 Kb6 40. Ke2 Ka5 41. Bxb7 Kxa4 42. Bd5 Bc5 43. Bf7 g5 44. Be6 f4 45. gxf4 gxf4 46. Bxh3 Kb3 47. Kf3 Kxb2 48. Kxf4 Bd6+ 49. Ke4 Bxh2 50. Kxd4 Bg1 51. Ke3 Kc3 52. c5 Bh2 53. c6 Bc7 54. Ke4 Kb4 55. f4 Kc5 56. Bd7 Kd6 57. f5 Bd8 58. Kf4 Kd5 59. Ke3 Ke5 60. Kd2 Kd6 61. Kc3 Bf6+ 62. Kc4 Be7 63. Kb5 Kc7 64. Be6 Ba3 65. f6 Bb2 66. f7 Ba3 67. d4 Bf8 68. d5 Be7 69. Kc4 Bd6 70. Kd4 Kd8 71. Ke4 Ke7 72. Kf5 Bc7 73. Kg6 Kf8 74. Kf6 1-0